00684nam a2200181 a 450000100100000000500170001000800410002702000150006804000250008308200150010810000460012324500900016926000500025930000280030970000350033795201130037299900170048500003627020200930075635.0120112s1988 sp 000 0 spa d a8476054347 aDO-SdBNPbspacBNPHU axxxbM912f1 aMosquera González, José Manuel96238310aFarmacología para enfermeras /cJosé Mosquera González, Pedro Galdos Anuncibay. aMadrid :bInteramericanabMcGraw-Hill,c1988. a335 p. :bil. ;c24 cm.1 aGaldos Anuncibay, Pedro962384 001050718MOaGRbGRcCTd2012-01-12iLF1l0oxxx M912fp36270-10r2020-06-25w2020-06-25y1ZNo se presta c35761d35761